Résumé des leçons données a l`École des ponts et chaussées, l'application de la mécanique a l'établissement des constructions et des machines / (Record no. 160589)

MARC details
000 -LEADER
campo de control de longitud fija 00821nam a22001935i 4500
001 - NÚMERO DE CONTROL
campo de control 160589
003 - IDENTIFICADOR DE NÚMERO DE CONTROL
campo de control ES-MaACL
005 - FECHA Y HORA DE LA ÚLTIMA TRANSACCIÓN
campo de control 20250814045712.0
008 - DATOS DE LONGITUD FIJA--INFORMACIÓN GENERAL
campo de control de longitud fija 021113s1839 be af |||| | fre d
040 ## - FUENTE DE CATALOGACIÓN
Centro catalogador/agencia de origen CCPB | B
Lengua de catalogación spa
Centro/agencia transcriptor CCPB | B
100 1# - ENTRADA PRINCIPAL--NOMBRE DE PERSONA
Nombre de persona Navier, Claude Louis Marie Henri,
Fechas asociadas al nombre 1785-1836
9 (RLIN) 130425
245 10 - MENCIÓN DEL TÍTULO
Título Résumé des leçons données a l`École des ponts et chaussées, l'application de la mécanique a l'établissement des constructions et des machines /
Mención de responsabilidad, etc. par Navier.
250 ## - MENCION DE EDICION
Mención de edición Nouvelle éd., rev., corr. et augm.
260 ## - PUBLICACIÓN, DISTRIBUCIÓN, ETC.
Lugar de publicación, distribución, etc. Bruxelles :
Nombre del editor, distribuidor, etc. Société belge de librairie,
Fecha de publicación, distribución, etc. 1839 (
Fabricante imprimerie de De Mortier, frères)
300 ## - DESCRIPCIÓN FÍSICA
Extensión XII, 633 p., [14] h. de grab. ;
Dimensiones 24 cm.
650 #7 - PUNTO DE ACCESO ADICIONAL DE MATERIA--TÉRMINO DE MATERIA
Término de materia o nombre geográfico como elemento de entrada Mecánica
Fuente del encabezamiento o término embne
9 (RLIN) 14869
852 ## - LOCALIZACIÓN
Ubicación ES-MaACL
Número de control de estantería F-5668
Nota libre -- Enc. pasta grab.
Holdings
Estatus retirado Estado de pérdida Estado de daño No para préstamo Colección Biblioteca de origen Biblioteca actual Ubicación en estantería Fecha de adquisición Fuente de adquisición Total de préstamos Signatura topográfica completa Código de barras Visto por última vez Precio de reemplazo Tipo de ítem Koha
        Libros del s. XIX Biblioteca del Ateneo de Madrid Biblioteca del Ateneo de Madrid Depósito 2 17/01/2008     F-5668 1168150 23/02/2023 23/02/2023 Libro impreso antiguo